<?xml version="1.0" encoding="UTF-8"?>
<marc:record xmlns:marc="http://www.loc.gov/MARC21/slim">
   <marc:leader>00000nam a2200000 a 4500</marc:leader>
   <marc:datafield ind1="1" ind2=" " tag="100">
      <marc:subfield code="a">Zimmermann, Bettina</marc:subfield>
   </marc:datafield>
   <marc:datafield ind1="1" ind2=" " tag="100">
      <marc:subfield code="a">Kerkeling, Hape</marc:subfield>
   </marc:datafield>
   <marc:datafield ind1="1" ind2=" " tag="100">
      <marc:subfield code="a">Stevenson, John</marc:subfield>
   </marc:datafield>
   <marc:datafield ind1="1" ind2=" " tag="100">
      <marc:subfield code="a">Osborne, Mark</marc:subfield>
   </marc:datafield>
   <marc:datafield ind1=" " ind2=" " tag="653">
      <marc:subfield code="a">Kinderfilm</marc:subfield>
   </marc:datafield>
   <marc:datafield ind1=" " ind2=" " tag="653">
      <marc:subfield code="a">Bär</marc:subfield>
   </marc:datafield>
   <marc:datafield ind1=" " ind2=" " tag="653">
      <marc:subfield code="a">DVD</marc:subfield>
   </marc:datafield>
   <marc:datafield ind1=" " ind2=" " tag="653">
      <marc:subfield code="a">Trickfilm</marc:subfield>
   </marc:datafield>
   <marc:datafield ind1=" " ind2=" " tag="653">
      <marc:subfield code="a">Komödie</marc:subfield>
   </marc:datafield>
   <marc:datafield ind1="0" ind2="0" tag="245">
      <marc:subfield code="a">Kung Fu Panda</marc:subfield>
   </marc:datafield>
   <marc:datafield ind1="0" ind2="0" tag="245">
      <marc:subfield code="c">Regie: Mark Osborne ; John Stevenson. Drehb.: Jonathan Aibel. Kamera: Duk Jhun Yong. Musik: Hans Zimmer ... Dt. Sprecher: Hape Kerkeling ; Gottfried John ; Bettina Zimmermann ...</marc:subfield>
   </marc:datafield>
   <marc:datafield ind1=" " ind2="1" tag="264">
      <marc:subfield code="a">Unterföhring</marc:subfield>
      <marc:subfield code="b">Paramount Home Entertainment</marc:subfield>
      <marc:subfield code="c">2007</marc:subfield>
   </marc:datafield>
   <marc:datafield ind1="1" ind2=" " tag="520">
      <marc:subfield code="a">Der größte Traum des Pandabären Po ist es, ein großer Kung-Fu-Held zu werden. Doch im Nudelrestaurant seiner Eltern scheint er von diesem Traum meilenweit entfernt zu sein. Aber wie es das Schicksal so will, wird er als der Auserwählter einer alten Prophezeiung zum Kung-Fu-Meister Shifu gebracht. Der bösartige Schneeleopard Tai Lung bedroht das Tal und Po soll mithilfe der Karate-Idole Tigress, Crane, Mantis, Viper und Monkey die Rettung bringen. Doch Meister Shifu verachtet den übergewichtigen verfressenen Panda und seine Mitstreiter haben nur Spott für ihn übrig. Wird es Po dennoch gelingen, das Tal und seine Bewohner zu retten und Tai Lung zu besiegen?</marc:subfield>
   </marc:datafield>
   <marc:datafield ind1=" " ind2=" " tag="020">
      <marc:subfield code="a">4047552500264</marc:subfield>
      <marc:subfield code="9">4047552500264</marc:subfield>
   </marc:datafield>
   <marc:datafield ind1=" " ind2=" " tag="500">
      <marc:subfield code="a">Orig.: USA, 2008. (Sprachen: D, GB, TR; Untertitel: D, GB, TR; Audiokommentar; Featurettes; Trailer)</marc:subfield>
   </marc:datafield>
   <marc:datafield ind1="0" ind2=" " tag="490">
      <marc:subfield code="v">0</marc:subfield>
   </marc:datafield>
   <marc:datafield ind1=" " ind2=" " tag="300">
      <marc:subfield code="a">1 DVD ; 88 Min.</marc:subfield>
   </marc:datafield>
</marc:record>
